| 000 | 00382nam a2200145Ia 4500 | ||
|---|---|---|---|
| 008 | 150201s2000 xx 000 0 und d | ||
| 082 |
_aA2000C _b617.695 |
||
| 100 | _aSATISH CHANDERA | ||
| 245 | 2 | _aA TEXTBOOK OF DENTAL MATERIALS WITH MCQS | |
| 250 | _a1ST | ||
| 260 |
_bJAYPEE MEDICAL PUBLISHER _aDELHI _c2000 |
||
| 300 | _a1-438 | ||
| 650 | _aDENTAL MATERIAL | ||
| 942 |
_2ddc _cBK _01 |
||
| 999 |
_c2523 _d2523 |
||